01677nam a2200373 a 4500001001000000003000500010005001700015008004100032010001100073011001100084040000900095090001000104100003800114245017900152260004100331500006000372502013300432590004000565590004000605590004000645590004000685650003000725650003600755650003600791650004300827650004500870856007000915901000700985942001000992942000601002999001901008952013601027952014001163000111829CHAP20220329144231.0150922s2015 mx a fsm |||||||spa d a108290 a109262 cCHAP aTesis1 aEspinal Montes, Verónica93786910aModelación del ambiente de un invernadero con y sin sistema de calefacción mediante Dinámica de Fluidos Computacional 3D /h[En línea]cpor Verónica Espinal Montes. aChapingo, Méx. :bEl autor,c2015. aPara ver el contenido del material haga clic en la liga aTesis (Ph.D. en Ingeniería Agrícola y Uso Integral del Agua) -- UACH. Departamento de Ingeniería Mecánica y Irrigación aE5995AHEb05c20150922lUCH01h1100 aE5995AHEb05c20150922lUCH01h1100 aE5995AHEb05c20150922lUCH01h1404 aE5995AHEb05c20150923lUCH01h144914aControl ambiental.92757714aCultivos en invernadero.93037614aDinámica de fluídos.93262714aInvernaderosxAutomatización.96017414aTomatexCultivos en invernadero.9113704 aFinding aiduhttp://10.13.5.2/tesis/sist111829.pdfzTeclea aquí aBK cTESIS n0 c108290d108290 00104054718TESISaBCbBCd2015-09-22fTESISl0oTesisp33724002506421r2019-12-31 00:00:00w2019-12-31yTESISzRecien adquirido 00102local4053708TESISaBCbBCcPA_TESISd2015-09-22fTESISl0oTesisp33724002506462r2019-12-31 00:00:00tc.2w2019-12-31yTESIS